| 000 | 00718cam a2200217 4500 | ||
|---|---|---|---|
| 001 | WB3731-33 | ||
| 008 | 010807n2001 000 0 eng u | ||
| 035 | _a(Sirsi) u113998 | ||
| 245 | _aUpward and downward rent reviews | ||
| 260 | _c2001 | ||
| 490 |
_aProperty Week _v66(31) 3 August 2001, 5(1) |
||
| 520 | _aSurvey of retailers by GVA Grimley shows that many businesses would like to see an end to upwards-only rent reviews. 55% say upward and downward reviews were essential for trade. | ||
| 590 | _aWB | ||
| 650 | _aRENT REVIEWS | ||
| 650 | _aUPWARD ONLY RENT REVIEWS | ||
| 650 | _aGVA GRIMLEY | ||
| 650 | _aRETAILERS | ||
| 650 | _aLEASES | ||
| 690 | _aLANDLORD AND TENANT-RENT REVIEWS | ||
| 942 | _n0 | ||
| 999 |
_c67941 _d67941 |
||